000 00465nam a2200157Ia 4500
008 160105s9999 xx 000 0 und d
041 _afre
100 _aLEGOUPIL, J.C.
245 _aLa betterave à sucre dans le périmètre irrigué du Haut Chéliff
260 _bINRAA
260 _c1974
654 _xBETTERAVE SUCRIERE/SOL ARGILEUX/SOL CALCAIRE/PERIMETRE IRRIGUE/EXPERIMENTATION/PRODUCTION
942 _c02
994 _a113786
999 _c13561
_d41559